Online
Catalog

The use of flexibilities in trips by developing countries : (Record no. 24821)

MARC details
000 -CABECERA
campo de control de longitud fija 00824nam a2200229 a 4500
001 - NÚMERO DE CONTROL
campo de control 000025329
005 - FECHA Y HORA DE LA ÚLTIMA TRANSACCIÓN
campo de control 20200930023718.0
008 - DATOS DE LONGITUD FIJA--INFORMACIÓN GENERAL
campo de control de longitud fija 110214s2006 sz a r 000 0 eng d
020 ## - NÚMERO INTERNACIONAL ESTÁNDAR DEL LIBRO
Número Internacional Estándar del Libro 9291620327
040 ## - FUENTE DE LA CATALOGACIÓN
Centro catalogador/agencia de origen DO-SdBNP
Lengua de catalogación spa
Centro/agencia transcriptor BNPHU
082 ## - NÚMERO DE LA CLASIFICACIÓN DECIMAL DEWEY
Número de clasificación xxxxxx
Número de documento/Ítem M991u
049 ## - FONDOS LOCALES (OCLC)
Fondos de biblioteca BNGR
100 1# - ENTRADA PRINCIPAL--NOMBRE DE PERSONA
Nombre de persona Musungu, Sisule F.
9 (RLIN) 51876
245 14 - MENCIÓN DE TÍTULO
Título The use of flexibilities in trips by developing countries :
Resto del título can they promote access to medicines? /
Mención de responsabilidad, etc. Sisule F. Musungu , Cecilia Oh.
260 ## - PUBLICACIÓN, DISTRIBUCIÓN, ETC.
Lugar de publicación, distribución, etc. Génova :
Nombre del editor, distribuidor, etc. South Centre,
Fecha de publicación, distribución, etc. 2006.
300 ## - DESCRIPCIÓN FÍSICA
Extensión xxxiii, 181 p. :
Otras características físicas il. ;
Dimensiones 21 cm.
490 1# - MENCIÓN DE SERIE
Mención de serie South perspectives
500 ## - NOTA GENERAL
Nota general Incluye referencias bibliográficas p. [177-181].
504 ## - NOTA DE BIBLIOGRAFÍA, ETC.
Nota de bibliografía, etc. Incluye referencias bibliográficas y notas al pie de las páginas.
700 1# - PUNTO DE ACCESO ADICIONAL--NOMBRE DE PERSONA
Nombre de persona Oh, Cecilia
9 (RLIN) 51877
830 #0 - PUNTO DE ACCESO ADICIONAL DE SERIE-TÍTULO UNIFORME
Título uniforme South perspectives
9 (RLIN) 51878
Holdings
Estado de retiro Estado de pérdida Restricciones de uso No para préstamo Código de colección Localización permanente Ubicación/localización actual Ubicación en estantería Fecha de adquisición Número de inventario Total de préstamos Signatura topográfica completa Código de barras Fecha visto por última vez Precio válido a partir de Tipo de ítem Koha
        Monografías: Libros y Folletos General General En catalogación 14.02.2011 LF1   xxxxxx M991u 25329-10 25.06.2020 25.06.2020 Préstamo en sala

Powered by Koha